Externé štúdium by malo byť viac limitované nová fakulta môže vzniknúť, keď budú vytvorené všetky podmienky

Bibliographic Details
Main Authors: Poracký, Marek (Author, Interviewer), Mirossay, Ladislav, 1955- (Author)
Format: Article
Language:Slovak
PhysicalDescription:Fotogr.
ISSN:1335-4566
Subjects:
Online Access:www.korzar.sk

MARC

LEADER 00000nab a2200000 a 4500
001 vtls009002005
003 SK-MaSNL
005 20260303205552.0
008 070625c20070625xo drz 0 0slo
038 |a KEVKJB 
040 |a KEVKJB  |b slo  |c KEVKJB  |e AACR2 
041 0 |a slo 
044 |a xo  |c SK 
080 |a 378.4  |2 2001 
080 |a 929 Mirossay, Ladislav  |2 2001 
100 1 |a Poracký, Marek  |4 ivr  |4 aut  |9 1032179 
245 1 0 |a Externé štúdium by malo byť viac limitované  |b nová fakulta môže vzniknúť, keď budú vytvorené všetky podmienky  |c Marek Poracký 
300 |b Fotogr. 
600 1 7 |a Mirossay, Ladislav,  |d 1955-  |2 kevkjb  |9 8366 
610 2 7 |a Univerzita Pavla Jozefa Šafárika v Košiciach  |2 kevkjb  |9 166726 
651 7 |a Košice (Slovensko)  |2 kevkjb  |9 18694 
700 1 |a Mirossay, Ladislav,  |d 1955-  |4 ive  |4 aut  |9 8366 
773 0 |t Košický denník Korzár  |g Roč. X, č. 145 (25.6.2007), s. 2  |x 1335-4566 
852 |a KEVKJB  |b KIS3GCP 
856 4 1 |u www.korzar.sk 
958 |a BX 
999 |c 2196014  |d 2197944